Statistics for Answers Contain Winter Quiz

Click here to take the quiz!

General Stats

  • This quiz has been taken 335 times
  • The average score is 9 of 18

Answer Stats

ClueAnswer% Correct
France hosted it first in 1924Winter Olympics
96%
Finland vs. Soviet UnionWinter War
84%
Astrological observance Romans
observed on December 25th
Winter Solstice
83%
Sleigh bells ring, are you listeningWinter Wonderland
73%
What hibernation isWinter Sleep
71%
Saint Petersburg landmarkWinter Palace
61%
Captain America episodeWinter Soldier
57%
Stark family motto in
Game of Thrones
Winter is
Coming
56%
Severe global climatic cooling
after a devastating war
Nuclear Winter
53%
Another name for the aboveMidwinter
39%
Seat of House StarkWinterfell
36%
Shakespeare comedic playThe Winter's Tale
35%
Type of "winter" Krakatoa caused
when it erupted in 1883
Volcanic Winter
35%
1968 movie Katharine Hepburn
and Peter O'Toole star in
The Lion in Winter
23%
Movie for which Jennifer Lawrence
got her first Oscar nomination
Winter's Bone
20%
9th song of Hamilton musicalA Winter's Ball
12%
Swiss city near ZurichWinterthur
11%
Coldest, darkest time of winterDead of Winter
10%

Score Distribution

Percentile by Number Answered

Percent of People with Each Score

Your Score History

You have not taken this quiz